MARC

LEADER 00000nam a22000007a 4500
005 20201028001210.0
007 cr|||| ||||
008 201028s2020 mx |||||s|||| 00||0 spa d
020 |a 978-607-563-043-4 
035 |a 32189 
040 |a vLex 
090 |c 10797  |d 10797 
100 1 |a Guevara Rojas, Eloy David 
245 1 0 |a Gua̕s de auditora̕  |h [Recurso electrn̤ico] :  |b Versin̤ Estudiantil /  |c Eloy David Guevara Rojas, Salvador Castillo Prieto, Miguel ℓngel Cervantes Penagos, Fernando Ruiz Monroy, Vern̤ica Galindo Lp̤ez, Fernando Baza Herrera, Rafael Garca̕ Gm̤ez, David Gerardo Barragǹ Arteaga, Miguel Len̤ Vadillo, Luis Ral︢ Olivas, Jos ̌Luis Zamora Morales, Rafael Yela Gutiřrez, Roberto Gerardo Cr̤doba Vital, Ignacio Garca̕ Pareras, Cšar Alfonso Rosete Vela, Claudia Guzmǹ Reyes, Jorge Enrique Santibę̀z Fajardo, Rodrigo Sotomayor Gonzl̀ez, Roberto Castro Gasca, Bernardo Soto Peąfiel, Ramn̤ Garnica Mňdez 
256 |a Servicio en ln̕ea 
260 |a Ciudad de Mx̌ico:  |b Instituto Mexicano de Contadores Pb︢licos,  |c 2020 
300 |a 1 recurso electrn̤ico 
500 |a El Contador Pb︢lico que realiza auditora̕s de estados financieros encontrar ̀en esta publicacin̤ una serie de gua̕s para la aplicacin̤ de las Normas Internacionales de Auditora̕ (NIA). Las gua̕s han sido desarrolladas por la Comisin̤ de Normas de Auditora̕ y Aseguramiento (CONAA) del Instituto Mexicano de ConƯtadores Pb︢licos, A.C., y se presentan en tres apartados principales: A. Gua̕s generales aplicables en el proceso de auditora̕. B. Gua̕s de partidas o rubros de los estados financieros. C. Gua̕s relativas a partidas y transacciones especiales o inusuales en el proceso de la auditora̕. Asimismo, en esta edicin̤ se incluyen nuevas gua̕s: tecnologa̕ de la informacin̤, importancia relativa, negocio en marcha, pasivos por beneficios a los empleados, utilizacin̤ del trabajo de un experto del auditor, muestreo de la auditora̕, operaciones complejas poco comunes e inusuales, y consolidacin̤. Cabe aclarar que las gua̕s no pretenden ser un listado general o completo de los procedimientos o documentacin̤ requerida en una auditora̕ y no representan una publicacin̤ normativa; sin embargo, s ̕pueden considerarse como un apoyo para la aplicacin̤ de las NIA. Sin duda, Gua̕s de auditora̕ es una publicacin̤ que tambiň dar ̀perspectiva al estudiante de Contadura̕, quien tendr ̀referencias prc̀ticas relativas a los procedimientos que se aplican durante la ejecucin̤ de una auditora̕ 
506 1 |a Disponible solo en los productos indicados  |d vLex Global  |d vLex Global (Academic Edition, excluding Law Schools)  |d vLex Global (U.S. Academic Edition, Law Schools)  |d vLex Global (U.S. Academic Edition, excluding Law Schools)  |d vLex Global (Academic Edition, Law Schools) 
650 0 4 |a Inspeccin̤ tributaria  |z Mx̌ico 
650 0 4 |a Contabilidad  |z Mx̌ico 
700 1 |a Castillo Prieto, Salvador 
700 1 |a Cervantes Penagos, Miguel ℓngel 
700 1 |a Ruiz Monroy, Fernando 
700 1 |a Galindo Lp̤ez, Vern̤ica 
700 1 |a Baza Herrera, Fernando 
700 1 |a Garca̕ Gm̤ez, Rafael 
700 1 |a Barragǹ Arteaga, David Gerardo 
700 1 |a Vadillo, Miguel Len̤ 
700 1 |a Olivas, Luis Ral︢ 
700 1 |a Zamora Morales, Jos ̌Luis 
700 1 |a Gutiřrez, Rafael Yela 
700 1 |a Cr̤doba Vital, Roberto Gerardo 
700 1 |a Garca̕ Pareras, Ignacio 
700 1 |a Rosete Vela, Cšar Alfonso 
700 1 |a Guzmǹ Reyes, Claudia 
700 1 |a Santibę̀z Fajardo, Jorge Enrique 
700 1 |a Sotomayor Gonzl̀ez, Rodrigo 
700 1 |a Castro Gasca, Roberto 
700 1 |a Soto Peąfiel, Bernardo 
700 1 |a Garnica Mňdez, Ramn̤ 
740 0 |a vLex Libros (Servicio en ln̕ea) 
856 4 0 |u http://vlex.com/source/guias-de-auditoria-version-estudiantil-32189  |z Acceso restringido 
942 |c BOOK 
999 0 |a Tax inspection 
999 0 |a Accounting